Szczegóły MARC21

Uwaga i pamięć /

003 -Nazwa inst., której nr kontr. jest w polu 001 [,]
    • @
    • Nazwa instytucji, której n kontrolny jest w polu 001
    • NUKAT
005 -DATA I CZAS OSTATNIEJ MODYFIKACJI [,]
    • @
    • pole kontrolne
    • 20241231103236.0
020 -Międzynarod. znormalizowany nr książki - ISBN [ , ]
    • a
    • Numer ISBN
    • 8323003181 Find
040 -Instytucja sporządzająca opis [ , ]
    • a
    • Instytucja, która sporządziła opis (NP)
    • WR U/Psch
    • c
    • Instytucja, która sporządziła rekord (NP)
    • WR U/kc
    • d
    • Instytucja, która zmodyfikowała rekord (P)
    • WR U/dl
942 -Rodzaj dokumentu [ , ]
    • c
    • Rodzaj dokumentu
    • Książka
245 -Strefa tytułu i oznaczenia odpowiedzialności [0,0]
    • a
    • Tytuł
    • Uwaga i pamięć / Find
    • c
    • Pozostałe elementy strefy tytułu i oznaczenia odpowiedzialności (NP)
    • pod red. Zbigniewa Romana ; [aut. Maria Czyżewska et al.].
260 -Strefa adresu wydawniczego [ , ]
    • a
    • Miejsce wydania (P)
    • Warszawa :
    • b
    • Nazwa wydawcy (P)
    • Wydawnictwa Uniwersytetu Warszawskiego,
    • c
    • Data wydania (P)
    • 1991.
300 -Strefa opisu fizycznego [ , ]
    • a
    • Określenie formy książki i/lub objętość (NP)
    • 238 s. :
    • b
    • Oznaczenie ilustracji (NP)
    • il. ;
    • c
    • Format (NP)
    • 24 cm.
336 -Typ zawartości [ , ]
    • a
    • Termin opisujący typ zawartości
    • Tekst
    • b
    • Kod określający zawartość
    • txt
    • 2
    • Źródło (terminu i kodu)
    • rdacontent
337 -Typ mediów [ , ]
    • a
    • Tryb odtwarzania
    • Bez urządzenia pośredniczącego
    • b
    • Kod typu mediów
    • n
    • 2
    • Źródło (terminu i kodu)
    • rdamedia
338 -Typ/rodzaj nośnika [ , ]
    • a
    • Hasło opisujące typ nośnika
    • Wolumin
    • b
    • Kod typu nośnika
    • nc
    • 2
    • Źródło (terminu i kodu)
    • rdacarrier
504 -Uwaga dot. bibliogr. załącznikowej [ , ]
    • a
    • Uwaga dot. bibliografii załącznikowej
    • Bibliogr. s. [225]-238.
080 -Uniwersalna Klasyfikacja Dziesiętna [ , ]
    • a
    • Symbol klasyfikacji
    • 159.952/.954
650 -Hasło przedmiotowe [ ,7]
    • a
    • Hasło przedmiotowe
    • Pamięć.
    • 2
    • Źródło terminu
    • kaba
    • 9
    • KHW
    • 123061
980 -Symbol UKD [ , ]
    • a
    • UKD
    • 159.952/.954
700 -Hasło dodatkowe - nazwa osobowa [1, ]
    • a
    • Nazwa osobowa (NP)
    • Roman, Zbigniew. Find
    • e
    • Określenie rodzaju współpracy
    • Red.
    • 9
    • KHW
    • 714537
700 -Hasło dodatkowe - nazwa osobowa [1, ]
    • a
    • Nazwa osobowa (NP)
    • Czyżewska, Maria Find
    • c
    • Dopowiedzenie inne niż daty biograficzne (NP)
    • (psycholog).
    • 9
    • KHW
    • 714536
710 -Hasło dodatkowe - nazwa ciała zbiorowego [2, ]
    • a
    • Nazwa ciała zbiorowego lub nazwa geograficzna jako pierwszy element (NP)
    • Wydawnictwa Uniwersytetu Warszawskiego.
    • 4
    • Kod relacji
    • pbl
    • 9
    • KHW
    • 50781
920 -ISBN [ , ]
    • a
    • ISBN
    • 83-230-0318-1 Find
Numer inwentarzowy Status udost. Data inwentaryzacji Lokalizacja
Pd.1380312000-10-24BG